| 000 | 00629nam a2200133Ia 4500 | ||
|---|---|---|---|
| 008 | 170516s9999 xx 000 0 und d | ||
| 245 | _aThis article will discuss the initial experiences of a radiation oncology department in implementing a dedicated magnetic resonance imaging (MRI) simulator for radiotherapy treatment planning, with a focus on the training required for both radiographer an | ||
| 260 | _bJournal of Medical Radiation Sciences | ||
| 260 | _c2017 | ||
| 300 | _a64:1 | ||
| 650 | _xRadiologic Technology | ||
| 650 | _xRadtech | ||
| 856 | _uhttp://onlinelibrary.wiley.com/doi/10.1002/jmrs.2017.64.issue-1/issuetoc | ||
| 999 |
_c332917 _d332917 |
||